Cho một tách trà đặc nhé: Truyện ngắn Azit Nexin :
Guardat en:
| Autor principal: | |
|---|---|
| Format: | Llibre |
| Idioma: | Undetermined |
| Publicat: |
Hà Nội
Hội nhà văn
2006
|
| Matèries: | |
| Etiquetes: |
Afegir etiqueta
Sense etiquetes, Sigues el primer a etiquetar aquest registre!
|
| Thư viện lưu trữ: | Trung tâm Học liệu Trường Đại học Cần Thơ |
|---|
| LEADER | 00559nam a2200205Ia 4500 | ||
|---|---|---|---|
| 001 | CTU_103101 | ||
| 008 | 210402s9999 xx 000 0 und d | ||
| 020 | |c 31000 | ||
| 082 | |a 858 | ||
| 082 | |b N567/ch | ||
| 100 | |a Nexin, Azit | ||
| 245 | 0 | |a Cho một tách trà đặc nhé: | |
| 245 | 0 | |b Truyện ngắn Azit Nexin : | |
| 245 | 0 | |c Azit Nexin | |
| 260 | |a Hà Nội | ||
| 260 | |b Hội nhà văn | ||
| 260 | |c 2006 | ||
| 650 | |a Italian literature | ||
| 910 | |a Vương | ||
| 980 | |a Trung tâm Học liệu Trường Đại học Cần Thơ | ||